000 01073nam a22002297a 4500
001 21490
003 OSt
005 20250826163239.0
008 241008b |||||||| |||| 00| 0 eng d
020 _a9781840133448
040 _cIVS
082 _a720.97 COP
_b21490
_223
100 _aCopplestone, Trewin.
245 _aFrank Lloyd Wright
260 _aSingapore :
_bRegency House,
_c1999.
300 _a76 p.
520 _a"Frank Lloyd Wright was the first truly organic architect. His use of recurring elemental themes and materials - open-plan layouts, clean geometric lines, water, stone, wood, prairie and sky - resulted in buildings that perfectly reflected, enhanced and assimilated their environments." "Comprising more than 50 images, this book is an essential companion to a man whose influence on modern architecture has been immeasurable."--BOOK JACKET.Title Summary field provided by Blackwell North America, Inc. All Rights Reserved
650 _a20th Century Design
650 _aarts and crafts
650 _aSpencer Donation
942 _2ddc
_cBK
_n0
999 _c15154
_d15154